| 000 | 00717nam a22002057a 4500 | ||
|---|---|---|---|
| 005 | 20171024122342.0 | ||
| 010 | _aENG-121053 | ||
| 020 |
_c599.00 _a9789351952053 |
||
| 035 | _aEN-104585 | ||
| 037 | _bDBAD/PUB | ||
| 082 | _a330 | ||
| 100 | _aMuhammad Yunus | ||
| 245 |
_aA world of three zeros : _bthe new economics of zero poverty, zero unemployment, and zero net carbon emissions / _cby Muhammad Yunus [and] Karl Weber |
||
| 260 |
_aGurgaon _bHachette Book Publishing _c2017 |
||
| 270 |
_a4th and 5th Floors, Corporate Centre, Plot No. 94, Sector 44 _bGurgaon _e122003 |
||
| 300 |
_a288p. _c22.5cm(Hb) |
||
| 500 | _aIncludes index | ||
| 700 | _aWeber, Karl | ||
| 942 |
_2ddc _cEN _h330 _mMUH |
||
| 999 |
_c146803 _d146803 |
||